[Event "HUN-chT 2324"]
[Site "Hungary"]
[Date "2024.03.10"]
[Round "6.10"]
[White "Goczo, Melinda"]
[Black "Tancsa, Tamas"]
[Result "1/2-1/2"]
[WhiteElo "2209"]
[BlackElo "2257"]
[PlyCount "64"]
[EventDate "2023.10.28"]
[EventType "team-tourn"]
[EventRounds "9"]
[EventCountry "HUN"]
[SourceTitle "CB16_2024"]
[SourceDate "2024.04.17"]
[SourceVersion "1"]
[SourceVersionDate "2024.04.17"]
[SourceQuality "1"]
[WhiteTeam "Biatorbagy"]
[BlackTeam "Paks"]
[WhiteTeamCountry "HUN"]
[BlackTeamCountry "HUN"]

1. d4 Nf6 2. c4 g6 3. Nf3 Bg7 4. g3 0-0 5. Bg2 d6 6. 0-0 Nc6 7. d5 Na5 8. Nfd2 c5 9. Nc3 a6 10. a3 Nd7 11. Qc2 Qc7 12. Rb1 Rb8 13. b3 b5 14. h3 bxc4 15. bxc4 Rxb1 16. Ncxb1 Nb6 17. Re1 Bd7 18. Bf1 Rb8 19. e4 Ba4 20. Qa2 Bd4 21. Kg2 Nd7 22. f4 Nb3 23. Bb2 Nxd2 24. Bxd4 Nxf1 25. Ba1 Bb3 26. Qe2 Nxg3 27. Kxg3 Qa5 28. Rc1 f6 29. Qg4 Nf8 30. Qe2 Nd7 31. Qg4 Nf8 32. Qe2 Nd7 1/2-1/2

[Event "Skalica op-A"]
[Site "Skalica"]
[Date "2023.08.26"]
[Round "8"]
[White "Tancsa, Tamas"]
[Black "Ihnat, Marek1111"]
[Result "1-0"]
[WhiteElo "2240"]
[BlackElo "2126"]
[PlyCount "81"]
[EventDate "2023.08.19"]
[EventType "swiss"]
[EventRounds "9"]
[EventCountry "SVK"]
[SourceTitle "CBM 215 Extra"]
[Source "ChessBase"]
[SourceDate "2023.09.30"]
[SourceVersion "1"]
[SourceVersionDate "2023.09.30"]
[SourceQuality "1"]

1. e4 c6 2. d4 d5 3. e5 c5 4. dxc5 e6 5. a3 Nc6 6. Nf3 Bxc5 7. b4 Bb6 8. Bd3 f6 9. Bb2 fxe5 10. b5 Na5 11. Nxe5 Nf6 12. 0-0 Bd7 13. Nd2 Qe7 14. c4 dxc4 15. Ndxc4 Nxc4 16. Bxc4 0-0 17. Nxd7 Nxd7 18. Qg4 Kh8 19. Rae1 e5 20. Bd3 Nf6 21. Qg3 Qd7 22. Bxe5 Ng4 23. Qh3 h6 24. Bg3 Qxd3 25. Qxg4 Qxa3 26. Re6 Rf7 27. Be5 Bxf2+ 28. Kh1 Be3 29. Bxg7+ Rxg7 30. Qh3 Qf8 31. Rxf8+ Rxf8 32. g3 Bg5 33. Qh5 Rgf7 34. h4 Bc1 35. Re8 Kg7 36. Qe5+ Kg8 37. Rxf8+ Rxf8 38. Qe6+ Kg7 39. Qg4+ Kh7 40. Qe4+ Kg8 41. Qc4+ 1-0

[Event "Budapest Vezerkepzo IM-A 04"]
[Site "Budapest"]
[Date "2023.04.21"]
[Round "9"]
[White "Turzo, Attila"]
[Black "Tancsa, Tamas"]
[Result "0-1"]
[WhiteElo "2279"]
[BlackElo "2220"]
[PlyCount "65"]
[EventDate "2023.04.13"]
[EventType "tourn"]
[EventRounds "9"]
[EventCountry "HUN"]
[SourceTitle "CBM 213 Extra"]
[Source "ChessBase"]
[SourceDate "2023.05.31"]
[SourceVersion "1"]
[SourceVersionDate "2023.05.31"]
[SourceQuality "1"]

1. e4 c5 2. Nc3 a6 3. f4 b5 4. g3 Bb7 5. Bg2 e6 6. d3 d5 7. Qe2 Be7 8. Nf3 Nf6 9. e5 Nfd7 10. d4 Nc6 11. Be3 g6 12. 0-0 Qb6 13. Qf2 Rc8 14. Ne2 a5 15. c3 Ba6 16. g4 h5 17. f5 hxg4 18. fxe6 fxe6 19. Ng5 Nd8 20. b4 cxb4 21. cxb4 Rc2 22. Rfc1 Qc6 23. Qf4 Qc4 24. Bf1 Rf8 25. Rxc2 Qxc2 26. Qxg4 Qd3 27. Qg3 Rf5 28. h4 Rxf1+ 29. Kxf1 Bxb4 30. Bf2 Qf5 31. Qf4 Qd3 32. Qf3 Qd2 33. Qf6 0-1

[Event "Budapest Vezerkepzo Christmas GM"]
[Site "Budapest"]
[Date "2022.12.27"]
[Round "2"]
[White "Pacher, Milan"]
[Black "Tancsa, Tamas"]
[Result "1-0"]
[WhiteElo "2427"]
[BlackElo "2258"]
[PlyCount "67"]
[EventDate "2022.12.26"]
[EventType "tourn"]
[EventRounds "9"]
[EventCountry "HUN"]
[SourceTitle "CBM 212 Extra"]
[Source "ChessBase"]
[SourceDate "2023.03.31"]
[SourceVersion "1"]
[SourceVersionDate "2023.03.31"]
[SourceQuality "1"]

1. d4 Nf6 2. Nf3 g6 3. c4 Bg7 4. Nc3 0-0 5. e4 d6 6. h3 e5 7. d5 a5 8. Bg5 Na6 9. Nd2 Qe8 10. Be2 Nd7 11. g4 Nb6 12. h4 h6 13. Be3 f5 14. exf5 gxf5 15. g5 f4 16. Bxb6 cxb6 17. Nde4 f3 18. Bxf3 Qf7 19. Bg4 Qf4 20. Be6+ Kh8 21. Qd2 Bxe6 22. dxe6 Qf3 23. Rg1 Rf4 24. Qe2 Qxe2+ 25. Kxe2 Re8 26. gxh6 Bxh6 27. Rg6 Kh7 28. Rag1 Nc7 29. Nf6+ Rxf6 30. Rxf6 Nxe6 31. Ne4 Nf4+ 32. Kf1 d5 33. Rf7+ Kh8 34. Nf6 1-0

[Event "Budapest FS12 GM"]
[Site "Budapest"]
[Date "2022.12.05"]
[Round "3"]
[White "Tancsa, Tamas"]
[Black "Palczert, Matyas"]
[Result "1-0"]
[WhiteElo "2258"]
[BlackElo "2313"]
[PlyCount "77"]
[EventDate "2022.12.03"]
[EventType "tourn"]
[EventRounds "9"]
[EventCountry "HUN"]
[EventCategory "6"]
[SourceTitle "CBM 212 Extra"]
[Source "ChessBase"]
[SourceDate "2023.03.31"]
[SourceVersion "1"]
[SourceVersionDate "2023.03.31"]
[SourceQuality "1"]

1. e4 c5 2. Nf3 e6 3. c4 Nc6 4. Be2 g5 5. d3 h6 6. h4 g4 7. Nfd2 h5 8. Nb3 Bg7 9. Nc3 d6 10. Be3 Nd4 11. f3 Nxe2 12. Qxe2 e5 13. f4 b6 14. g3 Ne7 15. 0-0 f6 16. Nd5 Nxd5 17. exd5 0-0 18. f5 Bd7 19. Nd2 Qe7 20. Ne4 b5 21. Qd2 a5 22. b3 b4 23. a3 Kh7 24. axb4 axb4 25. Ra2 Kg8 26. Qf2 Rxa2 27. Qxa2 Bc8 28. Qa5 Qd8 29. Qb5 Rf7 30. Ra1 Rc7 31. Ra8 Bf8 32. Qb6 Rd7 33. Qb8 Rc7 34. Nxf6+ Kf7 35. Bg5 Be7 36. Ne4 Qd7 37. Bxe7 Kxe7 38. Qb6 Bb7 39. f6+ 1-0